00366nam a2200157Ia 4500001000500000005001700005008004100022041000800063082001800071100002600089245004000115260000900155300002800164650000800192654000800200379520260306145709.0260306t2014||||xx |||||||||||||| ||spa|| aESP a330.1556bZ24 aZamagni, StefanoeAUT 0aPor una economía del bien común c2014 a339 páginas :c20 cm. aGEN aCAN